000
00339nam a2200145Ia 4500
008
210210b1924 xxu||||| |||| 00| 0 eng d
041
_a
eng
082
_a
829/949
100
_a
SCOTT (Sir W)
245
_a
Talisman
260
_a
London
_b
Macmillan & Co. Ltd.
_c
1924
650
_a
Talisman
690
_a
English Fiction
906
_a
017564
999
_c
137548
_d
137548